Neologisms #2 - Statistics

General Stats
  • This quiz has been taken 45,107 times
    16,014 since last reset
  • The average score is 13 of 20
Answer Stats
Definition Word % Correct
Smiley face or other ideogram such as 😀 or ❤️ Emoji
98%
A post on Twitter Tweet
98%
To send someone a text of a sexual nature Sext
92%
To look something up using a search engine Google
90%
To spoil a photograph by unexpectedly appearing in it Photobomb
89%
To use an electronic cigarette Vape
84%
To dance in a provocative manner, with thrusting hips in a low stance Twerk
83%
The practice of dressing up like a character from a movie, video game, or anime Cosplay
78%
Leggings that resemble jeans Jeggings
78%
To suddenly cut off all contact with someone, particularly as a means of exiting a relationship Ghost
69%
"Landscaping" of a man's body hair Manscaping
63%
To put one's hand to one's face in an expression of dismay Facepalm
60%
An overly sensitive person who might "melt" Snowflake
53%
Hypothetical future robot of incredibly small size Nanobot
49%
Word used to denote the action of eating, similar to zzz for sleeping Nom
46%
Muscular to the point of looking swollen Swole
44%
Three-letter expression of disinterest, popularized by the Simpsons Meh
42%
To participate in live-action role-playing LARP
41%
The wife or girlfriend of a prominent athlete Wag
36%
Three-letter word similar to "bro", but more inclusive Fam
13%
No matching quizzes found
Score Distribution
Percent of People with Each Score
Percentile by Number Answered
Your Score History
You have not taken this quiz since the last reset